[Event "Maharashtra State-ch U25"]
[Site "Nasik"]
[Date "2018.08.12"]
[Round "7"]
[White "Morvekar, Kedar"]
[Black "Dandekar, Amey"]
[Result "1/2-1/2"]
[WhiteElo "1759"]
[BlackElo "1569"]
[PlyCount "88"]
[EventDate "2018.08.09"]
[EventType "swiss"]
[EventRounds "9"]
[EventCountry "IND"]
[SourceTitle "CBM 186 Extra"]
[Source "ChessBase"]
[SourceDate "2018.08.24"]
[SourceVersion "1"]
[SourceVersionDate "2018.08.24"]
[SourceQuality "1"]

1. e4 e5 2. Nf3 Nc6 3. Bc4 Bc5 4. d3 Nf6 5. c3 d6 6. Bb3 h6 7. Nbd2 0-0 8. Nf1 d5 9. Qe2 Ng4 10. Ne3 Nxe3 11. Bxe3 d4 12. Bd2 Re8 13. 0-0 Be6 14. Ba4 Bd7 15. Bxc6 Bxc6 16. c4 a5 17. Ne1 f5 18. f3 Qh4 19. g3 Qh5 20. g4 fxg4 21. fxg4 Qh3 22. Qg2 Qxg2+ 23. Kxg2 b5 24. Rc1 b4 25. Nf3 Bd7 26. Kg3 Rf8 27. Nh4 Kh7 28. Nf5 Rf7 29. Rf2 a4 30. Rcf1 a3 31. b3 Raf8 32. h4 g6 33. Nxh6 Rxf2 34. Rxf2 Rxf2 35. Kxf2 Bf8 36. Nf7 Bxg4 37. Nxe5 Bd1 38. Nc6 Bxb3 39. Nxb4 c5 40. Na6 Bxa2 41. Bc1 Bb1 42. Bxa3 Bxd3 43. Nxc5 Bxc5 44. Bxc5 Bxc4 1/2-1/2

[Event "Maharashtra State-ch U25"]
[Site "Nasik"]
[Date "2018.08.10"]
[Round "4"]
[White "Dandekar, Amey"]
[Black "Deodhar, Vrushali Umesh"]
[Result "0-1"]
[WhiteElo "1569"]
[BlackElo "1775"]
[PlyCount "68"]
[EventDate "2018.08.09"]
[EventType "swiss"]
[EventRounds "9"]
[EventCountry "IND"]
[SourceTitle "CBM 186 Extra"]
[Source "ChessBase"]
[SourceDate "2018.08.24"]
[SourceVersion "1"]
[SourceVersionDate "2018.08.24"]
[SourceQuality "1"]

1. e4 c5 2. Nf3 Nc6 3. d4 cxd4 4. Nxd4 Qb6 5. Nb3 Nf6 6. Be3 Qc7 7. Nc3 e6 8. a3 a6 9. g3 d6 10. Bg2 Be7 11. 0-0 0-0 12. Qe2 Ne5 13. h3 Nc4 14. Bc1 Nd7 15. Nd2 Nxd2 16. Bxd2 Bf6 17. Rab1 Nb6 18. Rfc1 Nc4 19. Nd1 Nxd2 20. Qxd2 Bd7 21. Ne3 Rac8 22. Rd1 Be7 23. e5 d5 24. Bxd5 Rfd8 25. Bg2 Qxe5 26. Bxb7 Bc6 27. Bxc8 Rxd2 28. Rxd2 Qe4 29. Kh2 f5 30. Bxa6 f4 31. gxf4 Qxf4+ 32. Kg1 Qf3 33. Kh2 Bg5 34. Rg1 Bf4+ 0-1